ბათუმის შოთა რუსთაველის სახელმწიფო უნივერსიტეტის ბიბლიოთეკა

Экономика предприятия: Учебник (ბიბ.ჩანაწერი № 37195)

000 -LEADER
fixed length control field 00586nam a2200217Ia 4500
001 - CONTROL NUMBER
control field 3151
003 - CONTROL NUMBER IDENTIFIER
control field GE_BSU
008 - FIXED-LENGTH DATA ELEMENTS--GENERAL INFORMATION
fixed length control field 181216s||||||||xx |||||||||||||| ||und||
020 ## - INTERNATIONAL STANDARD BOOK NUMBER
International Standard Book Number 862254765
040 ## - CATALOGING SOURCE
Transcribing agency GE_BSU
080 ## - UNIVERSAL DECIMAL CLASSIFICATION NUMBER
Universal Decimal Classification number 33(075.8)
245 ## - TITLE STATEMENT
Title Экономика предприятия: Учебник
245 ## - TITLE STATEMENT
Statement of responsibility, etc. под. ред. проф. О.И. Волкова
260 ## - PUBLICATION, DISTRIBUTION, ETC.
Place of publication, distribution, etc. Москва
260 ## - PUBLICATION, DISTRIBUTION, ETC.
Name of publisher, distributor, etc. ИНФРА
260 ## - PUBLICATION, DISTRIBUTION, ETC.
Date of publication, distribution, etc. 1998
300 ## - PHYSICAL DESCRIPTION
Extent 416 ст.
653 ## - INDEX TERM--UNCONTROLLED
Uncontrolled term Экономика предприятия: Учебник
942 ## - ADDED ENTRY ELEMENTS (KOHA)
Koha item type წიგნი
ეგზემპლარები
Withdrawn status Lost status Damaged status Not for loan Date acquired Barcode Date last seen Price effective from Koha item type Public note
        2018-12-17 7781 2018-12-17 2018-12-17 წიგნი დარბაზი
        2018-12-17 7782 2018-12-17 2018-12-17 წიგნი დარბაზი
        2018-12-17 8110 2018-12-17 2018-12-17 წიგნი დარბაზი
        2018-12-17 8111 2018-12-17 2018-12-17 წიგნი დარბაზი